| 000 | 00429nam a2200181Ia 4500 | ||
|---|---|---|---|
| 001 | 14380 | ||
| 005 | 20260306164910.0 | ||
| 008 | 260306t2018||||xx |||||||||||||| ||spa|| | ||
| 041 | _aESP | ||
| 082 |
_a512.5 _bL25A |
||
| 100 |
_aLarson, Ron, _eAUT |
||
| 245 | 0 |
_aÁlgebra lineal : _bmatemáticas 4 |
|
| 260 | _c2018 | ||
| 300 |
_avii, 318 páginas : _c27 cm. |
||
| 650 | _aGEN | ||
| 654 | _aCMA | ||
| 942 |
_cLIB _dJUS _fJUS _2ddc _n |
||
| 999 |
_c14380 _d14380 |
||